| 000 | 00626ctm a22001933a 4500 | ||
|---|---|---|---|
| 001 | tmp96013781 | ||
| 003 | DLC | ||
| 005 | 20260227112755.0 | ||
| 008 | 070117s1895 xx m 000 0 ger | ||
| 010 | _atmp96013781 | ||
| 035 | _a(OCoLC)ocm50558891 | ||
| 040 |
_aDLC _cDLC _dDLC |
||
| 050 | 0 | 0 |
_aQD401 _b.W51 1895 |
| 100 | 1 | _aWiederhold, Kurt. | |
| 245 | 1 | 0 |
_aÜber Chlorierungs- und Diazotierungsprodukte aus a-Amido-p-oxychinolin (B-4-3-Amidooxychinolin) / _cKurt Wiederhold. |
| 260 |
_aMarburg, : _bR. Friedrich, ; _c1895. |
||
| 300 |
_a48 p. _billus. ; _c15 cm. |
||
| 502 | _aThesis (doctoral)--Universität Marburg, 1895. | ||
| 999 |
_c91182 _d91182 |
||